Les verbes irréguliers les plus utilisés en Anglais !! - Statistiques

Statistiques générales
  • Ce quiz a été pris 503 fois
    204 depuis la dernière actualisation
  • Le résultat moyen est 57 sur 72
Statistiques - réponses
Traduction Base Verbale Prétérit Participe Passé % Correct
Devenir Become Became Become
97%
Etre Be Was / Where Been
95%
Casser Break Broke Broken
92%
Construire Build Built Built
91%
Couper Cut Cut Cut
91%
Acheter Buy Bought Bought
90%
Brûler Burn Burnt Burnt
90%
Coûter Cost Cost Cost
90%
Apporter Bring Brought Brought
89%
Venir Come Came Come
89%
Attraper Catch Cought Cought
89%
Conduire Drive Drove Driven
88%
Boire Drink Drank Drunk
88%
Choisir Choose Chose Chosen
87%
Rever Dream Dreamt Dreamt
87%
Combattre Fight Fought Fought
87%
Manger Eat Ate Eaten
86%
Ressentir Feel Felt Felt
86%
Trouver Find Found Found
86%
Obtenir Get Got Got
86%
Frapper Hit Hit Hit
85%
Donner Give Gave Given
84%
Blesser Hurt Hurt Hurt
84%
Garder Keep Kept Kept
84%
Perdre Lose Lost Lost
84%
Quitter Leave Left Left
83%
Permettre Let Let Let
83%
Faire Make Made Made
83%
Vouloir dire / Signifier Mean Meant Meant
83%
Mettre Put Put Put
83%
Lire Read Read Read
83%
Courir Run Ran Run
83%
Dire Say Said Said
83%
Envoyer Send Sent Sent
83%
Fermer Shut Shut Shut
83%
Vendre Sell Sold Sold
83%
Interdire Forbid Forbade Forbidden
82%
Pardonner Forgive Forgave Forgiven
82%
Apprendre Learn Learnt Learnt
82%
Prêter Lend Lent Lent
82%
Rencontrer Meet Met Met
82%
Payer Pay Paid Paid
82%
Entendre Hear Heard Heard
81%
Tenir Hold Held Held
81%
Etre assis Sit Sat Sat
81%
Faire Do Did Done
80%
Avoir Have Had Had
80%
Mener Lead Led Led
80%
Tomber Fall Fell Fallen
79%
Aller Go Went Gone
79%
Chanter Sing Sang Sung
79%
Accrocher Hang Hung Hung
78%
Cacher Hide Hid Hidden
77%
Connaître Know Knew Known
76%
Dépenser Spend Spent Spent
76%
Parler Speak Spoke Spoken
76%
Sentir Smell Smelt Smelt
74%
Grandir Grow Grew Grown
73%
Voir See Saw Seen
73%
Dire / Raconter Tell Told Told
73%
Prendre Take Took Taken
72%
Penser Think Thought Thought
71%
Comprendre Understand Understood Understood
68%
Gagner Win Won Won
67%
Commencer Begin Bigan Bigun
66%
Ecrire Write Wrote Written
66%
Nager Swim Swam Swum
64%
Montrer Show Showed Shown
63%
Jeter Throw Threw Thrown
60%
Se réveiller Wake Up Woke Up Woken Up
46%
Porter Wear Wore Worn
44%
Dormir Sleep Slept Selpt
7%
Aucun quiz correspondant
Distribution des résultats
% des personnes avec chaque résultat
Percentile par nombre de réponses
Votre historique - résultats
Vous n’avez pas pris ce quiz depuis la dernière actualisation